| 000 | 00495nam a2200193 a 4500 | ||
|---|---|---|---|
| 005 | 20240803063714.0 | ||
| 008 | 991125 mad 000 0 spa u | ||
| 020 | _a8439713746 | ||
| 035 | _aUPN01000043197 | ||
| 049 | _aI | ||
| 050 | 4 | _aPZ74.2 P3.6 | |
| 100 | 1 |
_aPacheco, Miguel Angel, _d1944- _928585 |
|
| 245 | 1 | 3 |
_aLa otra fábula de : _bla lechera |
| 260 |
_aMadrid : _bMontena |
||
| 300 |
_a16 h. : _bil., col. |
||
| 650 | 4 |
_aFábulas _98251 |
|
| 904 |
_aAC _b043199 |
||
| 905 | _aInfantil | ||
| 999 |
_c43197 _d43197 |
||